Statistieken voor Plaatsen in Nederlands Limburg

Klik hier om de quiz te nemen!

Algemene statistieken

  • Deze quiz is 136 keer genomen
  • De gemiddelde score is 33 van 143

Antwoordstatistieken

HintAntwoord% Correct
MMaastricht
94%
VVenlo
90%
SSittard-Geleen
85%
RRoermond
81%
HHeerlen
77%
KKerkrade
73%
VVenray
73%
VValkenburg
71%
WWeert
71%
VVaals
67%
BBrunssum
54%
MMeerssen
54%
BBeek
52%
BBergen
50%
SSimpelveld
46%
LLandgraaf
44%
NNederweert
44%
RReuver
44%
SStein
44%
BBeesel
40%
MMaasbracht
40%
PPanningen
38%
VVoerendaal
37%
GGennep
35%
SSwalmen
35%
TTegelen
35%
AAmerica
33%
AArcen
33%
BBorn
31%
EEpen
31%
NNeer
31%
CCadier en Keer
29%
EEcht-Susteren
29%
HHoensbroek
29%
HHorn
29%
HHorst aan de Maas
29%
SSchinnen
29%
EEijsden-Margraten
27%
GGulpen-Wittem
27%
BBunde
25%
HHelden
25%
KKessel
25%
MMesch
25%
VVijlen
25%
BBocholtz
23%
EElsloo
23%
HHaelen
23%
LLinne
23%
MMaasbree
23%
MMontfort
23%
MMook en Middelaar
23%
NNuth
23%
RRoggel
23%
SSchin op Geul
23%
UUrmond
23%
BBaarlo
21%
BBeekdaelen
21%
EEys
21%
HHerkenbosch
21%
HHeythuysen
21%
MMeijel
21%
PPeel en Maas
21%
TThorn
21%
HHeel
19%
KKlimmen
19%
LLimbricht
19%
OOhe en Laak
19%
RRoerdalen
19%
VVelden
19%
EEygelshoven
17%
HHuls
17%
PPosterholt
17%
SSchinveld
17%
SSlenaken
17%
AAmstenrade
15%
BBelfeld
15%
BBroekhuizen
15%
DDoenrade
15%
JJabeek
15%
KKoningsbosch
15%
LLeudal
15%
LLottum
15%
NNijswiller
15%
NNoorbeek
15%
RRoosteren
15%
UUbachsberg
15%
VVlodrop
15%
WWessem
15%
WWijlre
15%
AAfferden
13%
GGrathem
13%
GGronsveld
13%
HHulsberg
13%
LLemiers
13%
MMaasgouw
13%
OOirsbeek
13%
PPuth
13%
SSint Odilienberg
13%
SSpaubeek
13%
WWahlwiller
13%
BBemelen
12%
BBerg en Terblijt
12%
HHouthem
12%
IItteren
12%
KKelpen-Oler
12%
NNieuwstadt
12%
OObbicht
12%
RRansdaal
12%
SStevensweert
12%
SStramproy
12%
SSweikhuizen
12%
WWanssum
12%
BBuchten
10%
GGeulle
10%
GGrevenbicht
10%
RRimburg
10%
UUbach over Worms
10%
UUlestraten
10%
BBeegden
8%
BBingelrade
8%
BBorgharen
8%
BBuggenum
8%
CChevremont
8%
MMeerlo
8%
MMheer
8%
PPanheel
8%
SSchimmert
8%
SSint Geertruid
8%
WWijnandsrade
8%
AAalbeek
6%
MMunstergeleen
6%
SSibbe
6%
BBlitterswijck
4%
KKunrade
4%
MMilsbeek
4%
OOud-Valkenburg
4%
SSchaesberg
4%
SSchoonbron
4%
BBleijerheide
2%
HHaanrade
2%
NNieuwenhagen
2%
SScheulder
2%
BBroekhem
0%

Scoreverdeling

Percentiel versus Aantal Correcte Antwoorden

Procent van Mensen met Elke Score

Uw Scoregeschiedenis

U heeft deze quiz nog niet genomen